[Event "Lichtenrader Herbst 2018"]
[Site "Berlin"]
[Date "2018.10.27"]
[Round "1"]
[White "Stern, Rene"]
[Black "Spors, Carl Philip"]
[Result "1-0"]
[WhiteElo "2527"]
[BlackElo "1868"]
[Annotator "ChessBase"]
[PlyCount "65"]
[EventDate "2018.10.27"]
[EventType "swiss"]
[EventCountry "GER"]
[SourceTitle "playchess.com"]
[Source "ChessBase"]
[SourceQuality "1"]
[TimeControl "40/5400+30:1800+30"]

1. Nf3 {[%emt 0:00:00]} Nf6 {[%emt 0:00:01]} 2. c4 {[%emt 0:00:00]} g6 {[%emt 0:00:07]} 3. Nc3 {[%emt 0:00:00]} Bg7 {[%emt 0:00:07]} 4. e4 {[%emt 0:00:00]} O-O {[%emt 0:01:02]} 5. d4 {[%emt 0:00:00]} d6 {[%emt 0:00:06]} 6. h3 {[%emt 0:00:03]} e5 {[%emt 0:00:13]} 7. d5 {[%emt 0:00:05]} Na6 {[%emt 0:00:32]} 8. Be3 {[%emt 0:00:22]} Nh5 {[%emt 0:13:26]} 9. Nd2 {[%emt 0:03:17]} Qe8 {[%emt 0:02:43]} 10. g3 {[%emt 0:03:55]} f5 {[%emt 0:02:49]} 11. exf5 {[%emt 0:00:05]} gxf5 {[%emt 0:00:11]} 12. Be2 {[%emt 0:00:06]} Nf6 {[%emt 0:00:16]} 13. Qc2 {[%emt 0:06:09]} c6 {[%emt 0:04:44]} 14. a3 {[%emt 0:04:17]} Qf7 {[%emt 0:03:38]} 15. O-O-O {[%emt 0:15:54]} cxd5 {[%emt 0:03:11]} 16. cxd5 {[%emt 0:00:06]} Bd7 {[%emt 0:20:47]} 17. Nc4 {[%emt 0:03:40]} Ne8 {[%emt 0:06:04]} 18. f4 {[%emt 0:09:42]} b5 {[%emt 0:02:12]} 19. Na5 {[%emt 0:03:03]} Nec7 {[%emt 0:01:02]} 20. fxe5 {[%emt 0:13:10]} dxe5 {[%emt 0:04:29]} 21. d6 {[%emt 0:04:02]} Ne6 {[%emt 0:03:10]} 22. Kb1 {[%emt 0:02:23]} f4 {[%emt 0:17:02]} 23. gxf4 {[%emt 0:00:50]} exf4 {[%emt 0:00:10]} 24. Bf2 {[%emt 0:00:13]} Nec5 {[%emt 0:02:38]} 25. Bg4 {[%emt 0:06:12]} b4 {[%emt 0:01:43]} 26. Bxc5 {[%emt 0:04:06]} bxc3 {[%emt 0:00:43]} 27. Bd4 {[%emt 0:00:22]} Bxd4 {[%emt 0:04:31]} 28. Rxd4 {[%emt 0:00:12]} Bxg4 {[%emt 0:01:32]} 29. Rg1 {[%emt 0:00:33]} h5 {[%emt 0:02:06]} 30. hxg4 {[%emt 0:00:04]} h4 {[%emt 0:00:24]} 31. Nc6 {[%emt 0:02:19]} Qf6 {[%emt 0:01:58]} 32. Ne7+ {[%emt 0:00:44]} Kf7 {[%emt 0:00:53]} 33. Rxf4 {[%emt 0:00:33]} 1-0

[Event "Lichtenrader Herbst 2018"]
[Site "Berlin"]
[Date "2018.10.27"]
[Round "1"]
[White "Shishkin, Vadim"]
[Black "Zhou, Qing"]
[Result "1-0"]
[WhiteElo "2453"]
[BlackElo "1793"]
[Annotator "TA"]
[PlyCount "53"]
[EventDate "2018.10.27"]
[EventType "swiss"]
[EventCountry "GER"]
[SourceTitle "playchess.com"]
[Source "ChessBase"]
[SourceQuality "1"]

{[%evp 10,53,53,30,98,81,92,94,132,125,197,193,207,190,205,202,267,263,268,212,216,199,210,220,314,309,311,294,400,406,972,975,920,942,1000,1000,992,982,945,944,900,872,29970,29971,29939,11465]} 1. d4 Nf6 2. c4 e6 3. Nc3 d5 4. Nf3 Bb4 5. cxd5 Nxd5 6. Bd2 {LiveBook: 9 Games. D38: Queen's Gambit Declined: Ragozin Defence (4 Nf3 Bb4)} Bxc3 (6... O-O $11) (6... O-O 7. e4 Nxc3 8. bxc3 Be7 9. Bd3 c5 10. e5 Nc6 11. h4 g6 12. h5 cxd4 13. Qc2 dxc3 14. Bxc3 {0-1 (64) Moiseenko,A (2670)-Socko,M (2495) Warsaw 2010}) 7. bxc3 $16 O-O 8. e4 {White is better.} Nb6 9. Bd3 $146 ({Predecessor:} 9. Be2 f5 10. e5 Nd5 11. c4 Ne7 12. O-O b6 {1-0 (35) Paasikangas Tella,J (2200)-Suomalainen,L Finland 1993}) 9... f5 (9... c5 $16 10. O-O Nc6) 10. O-O $18 Nc6 11. Re1 h6 12. a4 Na5 13. exf5 exf5 14. Re5 Nc6 15. Qb3+ Kh8 16. Re2 a5 (16... Nd7 {was worth a try.} 17. Qc2 a5 18. Bxf5 Nb6) 17. Rae1 Qd6 18. Bc1 {[#] Hoping for Ba3.} Qd5 19. c4 Nxd4 (19... Qd6 $142 20. c5 Qd5) 20. Nxd4 ({Not} 20. cxd5 Nxb3 21. Ba3 Bd7 $18) 20... Qxd4 21. Bb2 Qg4 22. Re7 Bd7 23. Rxg7 Qxg7 24. Bxg7+ Kxg7 25. c5 Nxa4 26. Re7+ Kf6 27. Rxd7 {Precision: White = 81%, Black = 32%.} 1-0

[Event "Lichtenrader Herbst 2018"]
[Site "Berlin"]
[Date "2018.10.27"]
[Round "1"]
[White "Baranovsky, Peter"]
[Black "Rakotomaharo, Fy Antenaina"]
[Result "0-1"]
[WhiteElo "1886"]
[BlackElo "2422"]
[Annotator "TA"]
[PlyCount "78"]
[EventDate "2018.10.27"]
[EventType "swiss"]
[EventCountry "GER"]
[SourceTitle "playchess.com"]
[Source "ChessBase"]
[SourceQuality "1"]

{[%evp 13,78,-10,-19,-27,-20,-20,-17,-40,-28,-27,-29,-34,-9,-10,0,-22,-36,-51,-30,-54,-48,-88,-84,-112,-119,-148,-135,-158,-152,-165,-134,-136,-99,-148,-127,-267,-259,-252,-233,-246,-225,-235,-231,-454,-386,-369,-304,-318,-284,-581,-552,-519,-462,-456,-449,-608,-617,-617,-622,-600,-599,-581,-527,-491,-519,-519,-519]} 1. e4 c5 2. Nc3 Nc6 3. f4 g6 4. Nf3 Bg7 5. Bb5 Nd4 6. O-O a6 7. Be2 {B23: Closed Sicilian: Lines without g3} (7. Bd3 d6 8. Nxd4 cxd4 9. Ne2 Nh6 10. f5 Ng4 11. Nf4 Ne5 12. Nd5 Nxd3 13. cxd3 O-O 14. Qe1 b5 15. b3 Bb7 16. Bb2 Bxd5 17. exd5 {1-0 (53) Perunovic,M (2433)-Radovanovic,M (2427) Kragujevac 2018}) 7... e6 {LiveBook: 3 Games} 8. d3 Ne7 9. Nb1 {[%cal Bc3b1,Bb1d2,Bd2c4][%mdl 32] The position is equal.} O-O $146 ({Predecessor:} 9... d6 10. c3 Nxf3+ 11. Bxf3 O-O 12. Be3 Nc6 13. Nd2 Qc7 14. Qe1 b5 {0-1 (71) Petzold,H (2155)-Buxade Roca,G (2199) Dresden 2008}) 10. Nbd2 d6 11. c3 Nxe2+ 12. Qxe2 e5 13. fxe5 dxe5 14. Nc4 b5 $36 {[%mdl 2048] White is under pressure.} 15. Ne3 f5 16. exf5 gxf5 17. Nd1 Qd6 18. Nf2 Bb7 19. Bd2 Rae8 20. Rad1 Ng6 21. Nh3 a5 22. Be3 b4 23. Qf2 {[#]} Rc8 $1 {[%cal Be8c8,Bc8c6,Bc6f6,Bf6f2][%mdl 32]} 24. Nh4 (24. Rfe1 $17) 24... f4 $19 25. Bc1 Nxh4 26. Qxh4 Qg6 {[%csl Gb7][%cal Rg6g2]} ({Don't do} 26... c4 27. dxc4 Qg6 28. Qg5) 27. Qg5 {If White can now play Qxg6 this consolidates a bit.} Rc6 28. g3 $2 (28. Qxg6 Rxg6 29. Rf2) 28... Qf7 {[#] Threatens to win with ...Rg6.} 29. Nxf4 exf4 30. Rxf4 Rf6 31. Qxc5 $2 (31. Rxf6 {is a better defense.} Qxf6 32. Qxf6 Rxf6 33. Be3) 31... bxc3 {Black is clearly winning.} 32. bxc3 Qxa2 {[%csl Gb7][%cal Ra2g2]} 33. Qc4+ Qxc4 34. Rxc4 Rf2 {Strongly threatening ...Rg2+.} 35. Bf4 Rg2+ 36. Kf1 Rxh2 37. Re1 Rh1+ 38. Kf2 Rxe1 39. Kxe1 Ra8 {Precision: White = 31%, Black = 69%.} 0-1

[Event "Lichtenrader Herbst 2018"]
[Site "Berlin"]
[Date "2018.10.27"]
[Round "1"]
[White "Kuechler, Felix"]
[Black "Starostits, Ilmars"]
[Result "0-1"]
[WhiteElo "1781"]
[BlackElo "2454"]
[Annotator "TA"]
[PlyCount "84"]
[EventDate "2018.10.27"]
[EventType "swiss"]
[EventCountry "GER"]
[SourceTitle "playchess.com"]
[Source "ChessBase"]
[SourceQuality "1"]

{[%evp 23,84,0,26,14,52,27,63,-10,94,-45,-38,-70,-63,-132,-57,-45,-40,-130,-41,-66,-24,-60,-61,-62,-77,-83,-83,-86,-90,-110,-50,-57,-44,-55,-66,-70,0,0,0,0,16,11,16,24,14,-24,-3,-293,-279,-293,-320,-281,-271,-416,-409,-415,-417,-429,-415,-369,-379,-567,-543]} 1. e4 c6 2. d4 d5 3. Nc3 dxe4 4. Nxe4 Bf5 5. Ng3 Bg6 6. Nf3 Nd7 7. h4 h6 8. h5 Bh7 9. Bd3 Bxd3 10. Qxd3 Ngf6 11. Bd2 e6 12. O-O-O Bd6 13. Rde1 {B19: Classical Caro-Kann: 4...Bf5 main line} (13. Kb1 Bc7 14. Nf1 b5 15. Ne3 Nb6 16. Rde1 Qd7 17. Rh4 O-O-O 18. Ba5 Rhe8 19. Rc1 Nfd5 20. Ne5 Qe7 {1-0 (40) Saric,I (2669)-Riazantsev,A (2650) Riadh 2017}) 13... Bxg3 14. fxg3 Qc7 15. Ne5 (15. Rh4 $14) 15... Rd8 $146 (15... O-O $11 {keeps the balance.}) ({Predecessor:} 15... Nxe5 16. dxe5 Nd5 17. Qa3 Qe7 18. Qxe7+ Nxe7 19. Rd1 {½-½ (19) Parkkonen,J (1800)-Piipponen,J (1800) ICCF email 2008}) 16. Qb3 ({White should play} 16. Ng6 $16 Rg8 17. Qb3) 16... O-O $1 $15 17. Rh4 c5 18. g4 (18. Qc4 $15) 18... Nxe5 (18... cxd4 $17 19. Qc4 Qxc4 20. Nxc4 Rc8) 19. dxe5 Nh7 20. g5 {[#]} ({White should try} 20. Qg3 $15) 20... hxg5 (20... Rxd2 $1 $17 {[%mdl 512]} 21. Kxd2 Qd8+ 22. Ke2 Qxg5) 21. Rg4 Rd4 22. Qh3 Rfd8 23. Rxd4 Rxd4 24. Qa3 b6 25. Qf3 Qd8 26. Bc3 Rd5 (26... g4 $17 27. Qe3 Rd5) 27. Rf1 Qe7 28. Rh1 b5 29. h6 g6 (29... gxh6 $15 30. Rxh6 Qf8) 30. b3 $1 $11 b4 {And now ...g4 would win.} 31. Bb2 g4 32. Qxg4 Qg5+ 33. Qxg5 Nxg5 {[%mdl 4096] Endgame KRB-KRN} 34. Rd1 Kh7 35. Rxd5 $4 {[%mdl 8192]} (35. Rf1 $11) 35... exd5 {KB-KN} 36. a3 bxa3 ({Not} 36... Kxh6 37. axb4 cxb4 38. Bd4 $15) 37. Bxa3 Ne6 38. Kd1 (38. Kd2 {keeps fighting.} Kxh6 39. Kd3) 38... Kxh6 $19 39. Ke2 Kg5 40. b4 cxb4 41. Bxb4 Kf4 42. Bd6 (42. Bc3 $142) 42... Kg3 {Precision: White = 18%, Black = 34%.} 0-1

[Event "Lichtenrader Herbst 2018"]
[Site "Berlin"]
[Date "2018.10.28"]
[Round "2"]
[White "Starostits, Ilmars"]
[Black "Gebigke, Martin"]
[Result "1-0"]
[WhiteElo "2454"]
[BlackElo "2057"]
[Annotator "TA"]
[PlyCount "75"]
[EventDate "2018.10.27"]
[EventType "swiss"]
[EventCountry "GER"]
[SourceTitle "playchess.com"]
[Source "ChessBase"]
[SourceQuality "1"]

{[%evp 20,75,0,-35,0,-5,-6,-43,23,15,58,37,39,0,0,0,58,41,43,31,50,19,33,35,35,47,23,29,109,74,85,85,118,130,153,159,203,203,212,212,242,254,253,223,237,236,248,243,407,408,405,407,433,418,448,443,467,457]} 1. e4 c5 2. Nf3 d6 3. g3 Nf6 4. d3 g6 5. Bg2 Bg7 6. O-O O-O 7. c3 Nc6 8. h3 e5 9. Re1 d5 {A05: Réti Opening: 1 Nf3 Nf6} (9... h6 10. a3 Be6 11. b4 b6 12. Bb2 Qc8 13. Kh2 Rd8 14. Nbd2 Qc7 15. Rc1 Qe7 16. d4 exd4 17. cxd4 {½-½ (36) Amin,B (2635)-Mamedov,R (2659) Dubai 2014}) 10. exd5 Nxd5 11. Nbd2 {LiveBook: 4 Games} h6 {Black is slightly better.} 12. Nc4 {[%cal Rf3e5]} Re8 13. Qb3 $146 {Threatening Nfxe5!} ({Predecessor:} 13. a4 Rb8 14. a5 b5 15. axb6 axb6 16. Qc2 Qc7 17. Bd2 {½-½ (27) Kuczynski,R (2510)-Aseev,K (2545) Hohenloh 1994}) 13... Nc7 ({Black should play} 13... Nb6 $15) 14. Be3 Bf8 15. Nfd2 Nd5 16. Ne4 Nxe3 17. Rxe3 Re6 (17... Rb8 $11) 18. Rae1 Rb8 19. Ned2 Qc7 20. a4 (20. Bxc6 $5 Rxc6 21. Nxe5 $14) 20... Bg7 21. h4 Bd7 22. Bd5 Re7 23. Ne4 Nd8 (23... b6 $11) 24. Ned6 $36 {[%mdl 2048] White is on the roll.} a6 25. Qb6 Qxb6 26. Nxb6 Be6 {Threatens to win with ...Bxd5.} 27. Ne4 Rc7 {[#]} 28. Bxe6 $1 fxe6 29. Rf3 Nf7 30. Nf6+ Bxf6 31. Rxf6 Kg7 32. Rxe6 Rd8 33. Re3 h5 $2 {[#]} (33... Rc6 34. Rxc6 bxc6) 34. a5 $18 Kh7 35. Kf1 Kg7 36. Ke2 Kh7 37. Nc4 Rdd7 38. Nxe5 {Precision: White = 73%, Black = 31%.} 1-0

[Event "Lichtenrader Herbst 2018"]
[Site "Berlin"]
[Date "2018.10.28"]
[Round "2"]
[White "Rakotomaharo, Fy Antenaina"]
[Black "Feikes, Joerg"]
[Result "1-0"]
[WhiteElo "2422"]
[BlackElo "1996"]
[Annotator "TA"]
[PlyCount "57"]
[EventDate "2018.10.27"]
[EventType "swiss"]
[EventCountry "GER"]
[SourceTitle "playchess.com"]
[Source "ChessBase"]
[SourceQuality "1"]

{[%evp 24,57,54,22,86,39,26,4,14,4,36,33,69,0,15,2,33,0,-8,-26,120,118,122,110,119,123,125,134,136,130,162,97,90,100,159,80]} 1. e4 e5 2. Nf3 Nc6 3. Bc4 Nf6 4. d3 Bc5 5. c3 a6 6. O-O Ba7 7. Re1 O-O 8. Bb3 d6 9. h3 Ne7 10. Nbd2 Ng6 11. Nf1 Nh5 12. d4 Nhf4 {C54: Giuoco Piano: 4 c3 Nf6, main lines with 5 d4 and 5 d3} 13. Be3 {[#] LiveBook: 5 Games} (13. Ng3 Nh4 14. Bxf4 exf4 15. Nh5 c5 16. dxc5 Bxc5 17. Nxf4 Kh8 18. Nxh4 Qxh4 19. Qf3 Be6 20. Bd5 {0-1 (63) Ganguly,S (2668)-Aronian,L (2785) Doha 2016}) 13... c6 $146 (13... exd4 $11 14. cxd4 Be6) ({Predecessor:} 13... Qf6 14. Ng3 h6 15. Bc2 Nh4 16. Nxh4 Qxh4 17. Qf3 g6 18. Rad1 Kg7 19. dxe5 dxe5 20. Bxf4 Qxf4 21. Qxf4 exf4 22. Ne2 g5 23. Nd4 Bd7 24. Nf5+ Bxf5 25. exf5 Rad8 26. Rxd8 Rxd8 27. Rd1 Rxd1+ 28. Bxd1 Bc5 29. Kf1 Kf6 30. Bb3 {½-½ (30) Bromberger,S (2535)-Votava,J (2522) Austria 2017}) 14. Qd2 Qf6 {White is slightly better.} 15. N1h2 (15. Ng3 {seems wilder.} h6 16. Qd1 Rd8 17. Rb1 Be6 18. Kh1) 15... Be6 16. Rad1 Bxb3 17. axb3 Qe7 {[#]} 18. c4 ({White should play} 18. h4 $1 $14 {[%mdl 512]}) 18... Rad8 19. b4 Bb8 20. Qc2 Rfe8 21. d5 c5 (21... cxd5 $11 22. exd5 e4) 22. bxc5 $16 dxc5 23. Kh1 h6 24. Nf1 b6 25. Ng3 Qf6 26. Rd2 Ne7 27. Qd1 (27. Bxf4 $1 $18 {aiming for Be3.} exf4 28. e5) 27... Nc8 28. b3 Nd6 (28... Ng6 $142) 29. Nh2 {Precision: White = 45%, Black = 33%.} ({Better is} 29. Ra2) 1-0

[Event "Lichtenrader Herbst 2018"]
[Site "Berlin"]
[Date "2018.10.28"]
[Round "2"]
[White "Bolk, Matthias"]
[Black "Stern, Rene"]
[Result "0-1"]
[WhiteElo "2080"]
[BlackElo "2527"]
[Annotator "TA"]
[PlyCount "70"]
[EventDate "2018.10.27"]
[EventType "swiss"]
[EventCountry "GER"]
[SourceTitle "playchess.com"]
[Source "ChessBase"]
[SourceQuality "1"]

{[%evp 11,70,-59,-29,-90,-37,-25,-41,-102,-96,-100,-134,-150,-130,-134,-74,-70,-8,-59,-66,-71,-59,-185,-176,-293,-289,-348,-335,-410,-408,-565,-565,-565,-554,-533,-493,-526,-492,-518,-475,-463,-468,-871,-379,-370,-381,-378,-362,-577,-587,-682,-308,-12830,-12827,-12825,-12631,-6712,-6696,-6622,-6411,-1138,-200]} 1. e4 e5 2. f4 exf4 3. Nf3 g5 {[%cal Bg7g5,Bg5g4][%mdl 32]} 4. Bc4 g4 5. Ne5 Qh4+ 6. Kf1 Nh6 7. Nc3 {[#] C37: King's Gambit Accepted: Muzio Gambit} (7. d4 $11 {remains equal.}) (7. d4 d6 8. Nd3 f3 9. Nf4 fxg2+ 10. Kxg2 Nc6 11. Be3 Bd7 12. Qd2 Nd8 13. Bf2 Qg5 14. Nd5 Qxd2 15. Nxc7+ {1-0 (41) Aabling Thomsen,J (2241)-Hammer,J (2412) Copenhagen 2007}) 7... d6 $1 $17 {[%cal Rd6e5]} ({Weaker is} 7... Bc5 8. d4 $16) 8. Nd3 $1 f3 9. Nf2 $146 (9. Nf4 $15) ({Predecessor:} 9. Nf4 c6 10. d4 Nd7 11. gxf3 b5 12. Bd3 b4 13. Nb1 Bg7 14. c3 bxc3 15. bxc3 O-O 16. fxg4 Nxg4 17. Qe1 Nxh2+ 18. Kg2 Qxe1 19. Rxe1 Ng4 20. Nh5 {½-½ (20) Grego,L (2068)-Willmann,B (2053) LSS email 2014}) 9... fxg2+ 10. Kxg2 Rg8 {And now ...g3 would win.} 11. Ne2 Be6 $36 {[%mdl 2048] Black is in control.} 12. Bb3 Nd7 ({Black should play} 12... Nc6 13. d4 Bxb3 14. axb3 O-O-O) 13. d4 {[#] Black must now prevent d5.} Nf6 (13... Nb6 $1 $15) 14. Bf4 (14. Qd3 $1 $11) 14... Nh5 $15 15. Bg3 Qg5 ({Of course not} 15... Nxg3 $6 16. hxg3 Qf6 17. Nf4 $14) 16. Qd3 (16. Re1 $15) 16... O-O-O $19 17. a4 (17. Rhf1 {was worth a try.}) 17... Bxb3 18. cxb3 f5 19. exf5 Nxf5 20. Rhc1 Bh6 21. Kg1 Qg6 22. Rc3 Rge8 23. a5 {intending a6.} a6 24. b4 Re3 25. Qc4 {[%csl Gc3][%cal Rc4c7]} Rxc3 26. bxc3 (26. Nxc3 $142 Nhxg3 27. hxg3) 26... Nhxg3 (26... Ne3 $142 27. Qa2 Qf5) 27. Nxg3 Nxg3 28. hxg3 Be3 {aiming for ...Rf8.} 29. Rf1 (29. Qe2 $142 Bxf2+ 30. Qxf2) 29... Rf8 30. Qe2 Qg5 (30... Qe6 $142 31. Kg2 Qd5+ 32. Kh2 Qh5+ 33. Kg2 Bxf2 34. Rxf2 Qh3+ 35. Kg1 Qxg3+ 36. Kf1 Rd8 37. Qe6+ Kb8) 31. Kh2 $2 (31. c4) 31... Qh5+ {Black is clearly winning.} 32. Kg2 Rxf2+ 33. Rxf2 Qh3+ 34. Kg1 Qxg3+ 35. Kf1 Qxf2+ {Precision: White = 18%, Black = 73%.} 0-1

[Event "Lichtenrader Herbst 2018"]
[Site "Berlin"]
[Date "2018.10.28"]
[Round "2"]
[White "Dathe, Frederick"]
[Black "Shishkin, Vadim"]
[Result "1/2-1/2"]
[WhiteElo "2062"]
[BlackElo "2453"]
[Annotator "TA"]
[PlyCount "129"]
[EventDate "2018.10.27"]
[EventType "swiss"]
[EventCountry "GER"]
[SourceTitle "playchess.com"]
[Source "ChessBase"]
[SourceQuality "1"]

{[%evp 17,129,0,0,0,0,0,0,0,0,0,8,0,21,4,11,29,55,31,33,23,23,23,11,14,22,18,31,0,25,0,12,0,10,5,16,0,14,0,12,0,12,13,19,25,86,96,108,17,17,17,17,17,17,0,0,-68,-57,-66,-67,-75,-73,-76,-75,-77,-79,-85,-82,-130,-130,-135,-121,-128,-77,-75,-73,-164,-164,-118,-106,-114,-118,-134,-8,-8,-8,-8,-8,-8,-8,-8,-8,-8,0,0,0,0,0,0,0,0,0,0,0,-8,-8,-8,-8,-8,-8,-8,-8,-8,-8,-8]} 1. Nf3 d5 2. c4 d4 3. g3 g6 4. Bg2 Bg7 5. d3 a5 6. O-O {A09: Réti Opening: 1 Nf3 d5 2 c4} e5 7. e3 (7. Na3 Ne7 8. Nc2 Nbc6 9. Rb1 O-O 10. Nd2 b6 11. b3 Bb7 12. a3 Qc8 13. Nf3 Nd8 {1-0 (62) Van Wely,L (2675)-Van Foreest,J (2606) Amsterdam 2017}) 7... dxe3 8. fxe3 Nc6 9. Nc3 Nge7 {LiveBook: 3 Games} 10. a3 O-O 11. Rb1 Bf5 12. Ne1 Qd7 13. Ne4 $146 ({Predecessor:} 13. Rf2 Rad8 {0-1 (37) Bojczuk,Z (2335)-Zolnierowicz,K (2340) Debica 1987}) 13... Rab8 14. b4 axb4 15. axb4 b5 16. Nc5 Qc8 17. cxb5 Na7 18. Bd2 Nxb5 19. Qb3 Bh3 20. Nf3 {[%cal Be1f3,Bf3g1,Bg1e2][%mdl 32]} Bxg2 21. Kxg2 h6 22. Ng1 c6 23. Ne2 Nd5 24. e4 Ndc7 ({Not} 24... Qg4 $2 25. exd5 Qxe2+ 26. Rf2 $18) 25. Be3 Qd8 26. Ra1 $36 {[%mdl 2048] White fights for an advantage.} Qe7 27. Qc4 Ra8 28. Nb7 {[%cal Bc5b7,Bb7a5,Ba5c6][%mdl 32] Strongly threatening Bc5.} Qe6 29. Na5 Ra6 30. Rac1 Rd8 (30... Qd7 $11 {keeps the balance.}) 31. Nxc6 $16 Qxc4 {[#]} 32. dxc4 (32. Ne7+ $1 $16 Kf8 33. dxc4 (33. Rxc4 $2 {is the wrong capture.} Kxe7 34. Rfc1 Ne6 $19) 33... Kxe7 34. cxb5 Nxb5 35. Nc3 Nxc3 36. Rxc3) 32... Rxc6 $11 33. cxb5 Rxc1 34. Rxc1 Nxb5 35. Rc5 Rb8 36. Nc1 ({Better is} 36. Kf3 $11) 36... Nd6 $15 37. Nd3 Nxe4 38. Ra5 Nd6 39. Ba7 Rb7 40. Bc5 Nc4 41. Ra8+ Kh7 42. Ra7 Rxa7 43. Bxa7 $17 {[%mdl 4096] Endgame KBN-KBN} e4 44. Nf4 Nd6 ({Black should try} 44... f5 45. Ne6 Be5) 45. Nd5 Nb5 46. Be3 (46. Bb8 $17 {was the only chance.}) 46... f5 $19 47. g4 Be5 48. gxf5 gxf5 49. h4 Nc7 (49... Kg6 $17 {Black wants to play ...h5.} 50. Nf4+ Kf7) 50. Nxc7 $11 {The position is equal.} Bxc7 {KB-KB} 51. h5 $1 Kg7 52. Bd4+ Kf7 {White must now prevent ...Ke6.} 53. b5 f4 {...Ke6 is the strong threat.} 54. b6 Bd6 55. Kf2 Ke6 {aiming for ...Kd5.} 56. b7 Bb8 (56... Kf5 $5 57. Ba7 $8 Kg5 $11) 57. Bg7 $1 Ba7+ 58. Kf1 Kf5 59. Bxh6 Kg4 60. Bxf4 Kxf4 61. Ke2 {And now h6 would win.} Kg5 {[#]} 62. h6 $1 {[%mdl 512]} Kg6 {[#]} (62... Kxh6 63. b8=Q) 63. h7 $1 {[%mdl 512]} Kxh7 {( -> ...Kg6)} 64. b8=Q Bxb8 65. Ke3 {Precision: White = 59%, Black = 51%.} 1/2-1/2

[Event "Lichtenrader Herbst 2018"]
[Site "Berlin"]
[Date "2018.10.29"]
[Round "3"]
[White "Stern, Rene"]
[Black "Schnabel, Ralf"]
[Result "1/2-1/2"]
[WhiteElo "2527"]
[BlackElo "2202"]
[Annotator "TA"]
[PlyCount "98"]
[EventDate "2018.10.27"]
[EventType "swiss"]
[EventCountry "GER"]
[SourceTitle "playchess.com"]
[Source "ChessBase"]
[SourceQuality "1"]

{[%evp 13,98,0,-8,-10,58,47,72,25,26,0,0,0,0,-11,-7,-10,-7,-7,0,0,0,-35,-35,-32,-31,-37,-39,-21,-11,-25,12,0,2,-77,0,0,0,0,0,0,0,0,11,11,121,27,151,7,13,6,17,4,4,6,77,45,81,50,54,47,86,16,78,87,110,106,119,0,0,0,0,0,0,0,0,0,0,0,0,0,0,0,0,0,0,0,0]} 1. Nf3 Nf6 2. c4 g6 3. Nc3 d5 4. e3 (4. cxd5 Nxd5 5. h4 Nxc3 6. bxc3 h6 7. e4 Bg7 8. d4 c5 9. Rb1 O-O 10. Be2 b6 11. Be3 Bb7 12. d5 e6 13. c4 {0-1 (46) Mareco,S (2649)-Ivanchuk,V (2710) Batumi 2018}) 4... Bg7 5. Qb3 e6 6. Qa3 {A16: English Opening: 1...Nf6 with ...d5} c6 7. d4 Nbd7 {LiveBook: 5 Games} 8. Be2 Ng8 $146 ({Better is} 8... dxc4 $11 9. Bxc4 b5) ({Predecessor:} 8... Bf8 9. Qb3 Bg7 10. O-O O-O 11. Qc2 b6 12. e4 dxe4 13. Nxe4 Nxe4 14. Qxe4 {1-0 (48) Lozhnikov,V (2304)-Kurmanbayev,Y (2226) Astana 2012}) 9. O-O Ne7 10. cxd5 exd5 11. b4 b5 12. Qb3 Nb6 13. a4 a6 $1 14. Ne5 {[%cal Ra4b5]} O-O 15. Nd3 Nf5 16. Nc5 Nd6 17. Nd1 {[%cal Bc3d1,Bd1b2,Bb2d3][%mdl 32]} Re8 18. Re1 $1 Bf5 19. Nb2 h5 20. Nbd3 Nbc4 21. Ra2 Re7 22. Bf1 Qe8 23. Rae2 (23. Bb2 $11) 23... Kh7 (23... a5 $17 24. bxa5 Rxa5 25. axb5 Rxb5) 24. a5 $11 Bxd3 25. Qxd3 f5 26. f3 Qh8 27. g3 Nb7 28. Nb3 {next e4 is good for White.} Rd8 (28... Nbd6 $11) 29. Bg2 (29. e4 $16 fxe4 30. fxe4) 29... Red7 {[#]} (29... Re6 $11 {keeps the balance.}) 30. Bd2 (30. e4 $1 $16 {[%cal Re4f5]} dxe4 31. fxe4 Bxd4+ 32. Nxd4 Rxd4 33. Qc2) 30... Nxd2 31. Rxd2 Bf8 32. Qc3 Qf6 33. Nc1 Rd6 (33... Nd6 $11) 34. Nd3 $36 {[%mdl 2048] White has the initiative.} Re6 35. Rb2 Rde8 36. Rbe2 Bg7 {[%cal Bf8g7,Bg7f6,Bf6e7,Be7b4][%mdl 32]} 37. Ne5 ({White should try} 37. f4 $16) 37... Qf8 (37... Nd6 $1 $11) 38. f4 Bf6 39. Rc2 ({And not} 39. Nxc6 Rc8 $11) 39... Be7 {[#]} 40. Nxc6 ({White should play} 40. Rb1 $1 $16) 40... Rc8 $1 $11 {[%cal Rc8c6] The position is equal.} 41. Bxd5 Rexc6 $1 42. Bxc6 {Hoping for Rb1.} Bxb4 43. Qd3 {Threatens to win with Rec1.} Bxe1 44. Bxb7 Rxc2 45. Qxc2 {Black must now prevent Qc7+.} Qe7 46. Bxa6 {Qc1 is the strong threat.} Qxe3+ 47. Kg2 Qxd4 48. Kh3 Bxa5 49. Bxb5 Qf6 {Precision: White = 52%, Black = 55%.} 1/2-1/2